000 00712nam a2200253Ia 4500
003 OSt
005 20221005073014.0
006 a|||||r|||| 00| 0
007 ta
008 221004b |||||||| |||| 00| 0 eng d
020 _cIndian Rupees 500
024 _a40190
037 _bGift, 03/10/2018,
_cTextual
040 _aCRL
_cCRL
_beng
041 _2eng
_aeng
082 _aNS44,B, N6
100 _aVaidyanathan Saroja Au.
_9607649
245 0 _aBharatanatyam
_b in-depth study
260 _aNew Delhi
_bGanesa Natyalaya India
_c1996
300 _a176p.
_ccm.
650 _aARTS
942 _hNS44,B, N6
_cTEXL
_2cc
999 _c980400
_d980400